La imagen fílmica / (Record no. 29200)

MARC details
000 -CABECERA
campo de control de longitud fija 00592nam a2200193 a 4500
005 - FECHA Y HORA DE LA ÚLTIMA TRANSACCIÓN
campo de control 20220929064300.0
008 - ELEMENTOS DE LONGITUD FIJA--INFORMACIÓN GENERAL
campo de control de longitud fija 991125s1978 es 000 0 spa u
020 ## - NÚMERO INTERNACIONAL NORMALIZADO PARA LIBROS
Número Internacional Estándar del Libro 8425207029
035 ## - NÚMERO DE CONTROL DEL SISTEMA
Número de control de sistema UPN01000029200
049 ## - COLECCIÓN
Colección CG
050 #4 - SIGNATURA TOPOGRÁFICA DE LA BIBLIOTECA DEL CONGRESO
Número de clasificación PN1995.9 S6
Número de documento/Ítem A2.58
100 1# - ASIENTO PRINCIPAL--NOMBRE PERSONAL
Nombre de persona Abruzzese, Alberto,
Fechas asociadas al nombre 1942-
9 (RLIN) 30084
245 13 - MENCIÓN DE TÍTULO
Título La imagen fílmica /
Mención de responsabilidad, etc. Alberto Abruzzese ; tr. de Carlos Gómez González.
260 ## - PUBLICACIÓN, DISTRIBUCIÓN, ETC.
Lugar de publicación, distribución, etc. Barcelona, Esp. :
Nombre del editor, distribuidor, etc. G. Gili,
Fecha de publicación, distribución, etc. 1978.
300 ## - DESCRIPCIÓN FÍSICA
Extensión 277 p. :
Otras características físicas fotos
440 #0 - MENCIÓN DE SERIE/ASIENTO SECUNDARIO--TÍTULO
Título Comunicación visual
650 #7 - ASIENTO SECUNDARIO DE MATERIA - TERMINO TEMATICO
Término de materia o nombre geográfico como elemento de entrada Cinematografía
Subdivisión general Aspectos sociales
Fuente del encabezamiento o término
9 (RLIN) 10198
905 ## - TIPO DE MATERIAL
Tipo de material Libro
Holdings
Estado de retiro Estado de pérdida Fuente del sistema de clasificación o colocación Estado dañado No para préstamo Código de colección Localización permanente Ubicación/localización actual Ubicación en estantería Total de préstamos Clasificación Código de barras Fecha visto por última vez Número de copia Tipo de ítem Koha
    Library of Congress Classification     Colección General Bib. Gregorio Torres Quintero Bib. Gregorio Torres Quintero Planta baja 13 PN1995.9 S6 A2.58 11156 31/12/2020 1 Libro